Taylor Swift Songs - Statistics

Estatísticas Gerais
  • Esse quiz foi jogado 544 vezes
  • A pontuação média é 86 de 190
Estatísticas das Respostas
Resposta % Correto
Fearless
85%
Lover
85%
Red
85%
Speak Now
80%
cardigan
77%
ME!
77%
Blank Space
75%
the 1
74%
All Too Well
73%
All Too Well (10 Minute Version)
73%
Ours
73%
Shake It Off
73%
22
71%
august
71%
Look What You Made Me Do
71%
Love Story
71%
You Belong with Me
70%
Our Song
69%
…Ready for It?
68%
Style
67%
Welcome to New York
67%
betty
66%
Cruel Summer
66%
evermore
66%
Delicate
65%
Anti-Hero
64%
Bad Blood
64%
Dear John
64%
End Game
64%
Karma
64%
Picture to Burn
64%
Tim MacGraw
64%
Don't Blame Me
63%
Enchanted
62%
Lavender Haze
62%
Mine
62%
willow
62%
Daylight
61%
The Archer
61%
Dress
60%
The Man
60%
Getaway Car
59%
Long Live
59%
Back To December
57%
exile
57%
Mean
57%
New Romantics
57%
New Year's Day
57%
champagne problems
56%
Midnight Rain
56%
Paper Rings
56%
Slut!
56%
Wildest Dreams
56%
Gorgeous
55%
Out of the Woods
55%
White Horse
55%
I Did Something Bad
54%
Miss Americana & the Heartbreak Prince
54%
We Are Never Ever Getting Back Together
54%
Fifteen
53%
hoax
53%
I Knew You Were Trouble
53%
Invisible
53%
mirrorball
53%
Sparks Fly
53%
Cornelia Street
52%
Maroon
52%
my tears ricochet
52%
seven
52%
Teardrops on My Guitar
52%
Clean
51%
Mr. Perfectly Fine
51%
State of Grace
51%
You Need to Calm Down
51%
King of My Heart
50%
the last great american dynasty
50%
Better Than Revenge
49%
Call It What You Want
49%
London Boy
49%
marjorie
49%
Snow on the Beach
49%
The Way I Loved You
49%
Afterglow
48%
illicit affairs
47%
Is It Over Now?
47%
Now That We Don't Talk
47%
So It Goes…
47%
tolerate it
47%
Wonderland
47%
I Can See You
46%
I Forgot That You Existed
46%
Superman
46%
Last Kiss
45%
Mastermind
45%
Say Don't Go
45%
Stay Stay Stay
45%
Suburban Legends
45%
This Love
45%
Bejeweled
44%
False God
44%
invisible string
44%
no body, no crime
44%
Vigilante Shit
44%
Dancing with Our Hands Tied
43%
Question...?
43%
gold rush
42%
How You Get the Girl
42%
peace
42%
This Is Why We Can't Have Nice Things
42%
You Are in Love
42%
Haunted
41%
I Know Places
41%
The Story Of Us
41%
When Emma Falls In Love
41%
You're on Your Own, Kid
41%
All You Had to Do Was Stay
40%
ivy
40%
Ronan
40%
Timeless
40%
I Think He Knows
39%
Innocent
38%
Mary's Song (Oh My My My)
38%
this is me trying
38%
Death by a Thousand Cuts
37%
epiphany
37%
dorothea
36%
It's Nice to Have a Friend
36%
Never Grow Up
36%
Babe
35%
Hey Stephen
35%
Stay Beautiful
35%
Castles Crumbling
34%
Cold as You
33%
cowboy like me
33%
I Bet You Think About Me
33%
I Wish You Would
33%
mad woman
33%
Soon You'll Get Better
33%
Eletric Touch
32%
Should've Said No
32%
Sweet Nothing
32%
'tis the damn season
32%
Treacherous
32%
Forever & Always
31%
Labyrinth
31%
Foolish One
30%
Begin Again
29%
Message in a Bottle
29%
A Place in This World
28%
Bye Bye Baby
28%
closure
28%
Untouchable
28%
All of the Girls You Loved Before
27%
Breathe
27%
coney island
27%
Holy Ground
27%
The Last Time
26%
Better Man
25%
Change
25%
happiness
25%
long story short
25%
Everything Has Changed
24%
Jump Then Fall
24%
Nothing New
24%
Run
24%
Starlight
24%
Superstar
24%
The Best Day
24%
The Other Side of the Door
24%
I Almost Do
23%
The Outside
23%
The Very First Night
23%
Don't You
22%
Girl at Home
22%
Sad Beautiful Tragic
22%
Forever Winter
21%
I'm Only Me When I'm with You
21%
The Lucky One
21%
Tied Together with a Smile
21%
A Perfectly Good Heart
20%
Tell Me Why
20%
Come Back... Be Here
19%
You're Not Sorry
19%
That's When
18%
Today Was a Fairytale
17%
The Moment I Knew
16%
You All Over Me
16%
Come In with the Rain
15%
We Were Happy
15%
Nenhum quiz correspondente encontrado
Distribuição das Pontuações
Porcentagem de Pessoas com Cada Pontuação
Percentil de Números Respondidos
Sua Pontuação Histórica
Você não jogou esse quiz